Building for good health (Record no. 1330350)

MARC details
000 -LEADER
fixed length control field 00489nam a2200181Ia 4500
005 - DATE AND TIME OF LATEST TRANSACTION
control field 20250508151526.0
008 - FIXED-LENGTH DATA ELEMENTS--GENERAL INFORMATION
fixed length control field 008 250505s9999 xx 000 0 eng d
037 ## - SOURCE OF ACQUISITION
Stock number Textual
040 ## - CATALOGING SOURCE
Original cataloging agency FEDL
Language of cataloging eng
Transcribing agency FEDL
041 ## - LANGUAGE CODE
Language code of text/sound track or separate title eng
Source of code eng
084 ## - COLON CLASSIFICATION NUMBER
Classification number 371.73, LYO
Assigning agency FEDL
100 ## - MAIN ENTRY--PERSONAL NAME
Personal name Burkard W E
245 #0 - TITLE STATEMENT
Title Building for good health
260 ## - PUBLICATION, DISTRIBUTION, ETC.
Place of publication, distribution, etc. Chicago, USA
Name of publisher, distributor, etc. Lyons and Carnahan
Date of publication, distribution, etc. 1950
300 ## - PHYSICAL DESCRIPTION
Extent viii,318p.
942 ## - ADDED ENTRY ELEMENTS (KOHA)
Koha item type Textual
Classification part 371.73, LYO
Holdings
Withdrawn status Lost status Damaged status Not for loan Home library Current library Date acquired Total Checkouts Full call number Barcode Date last seen Price effective from Koha item type
        Department of Education Library Department of Education Library 2025-05-08   371.73, LYO EL0011107 2025-05-08 2025-05-08 Textual
Copyright @ Delhi University Library System